00236nam a2200097Ia 4500001000800000005001700008008004100025020001800066245003500084260001900119127599420260417160438.0260417s9999 xx 000 0 und d a9786256495548 0aKorkuluğun DostucBeth Ferry bKetebe Çocuk